| 000 | 01048cam a2200289 4500 | ||
|---|---|---|---|
| 008 | 020517n2001 000 0 eng u | ||
| 020 | _a1861342632 | ||
| 035 | _a(Sirsi) u118002 | ||
| 041 | _aeng. | ||
| 050 | _a306.72 | ||
| 245 | _aInclusive housing in an ageing society : innovative approaches | ||
| 260 |
_aBristol _bPolicy Press _c2001 |
||
| 300 |
_aviii,272p. _c22cm. |
||
| 350 | _a18.99 | ||
| 520 | _aAttempts to bring together people from the worlds of architecture, social science and housing studies to look at the future of living environments for an ageing society. Moves beyond the issues of accommodation and care and looks at how housing can reflect the social inclusion of people as they age. | ||
| 650 | _aELDERLY | ||
| 650 | _aRETIREMENT HOUSING | ||
| 650 | _aSOCIAL CONDITIONS | ||
| 650 | _aSOCIAL INCLUSION | ||
| 650 | _aACCESSIBLE HOUSING | ||
| 650 | _aARCHITECTURE | ||
| 650 | _aSMART HOMES | ||
| 690 |
_aAffordable housing _96215 |
||
| 700 |
_aPeace, S. _xEditor |
||
| 700 | _aHolland, C. | ||
| 942 | _n0 | ||
| 999 |
_c102077 _d102077 |
||